UBT Library

English from the roots up : (Record no. 40107)

000 -LEADER
fixed length control field 00900cam a22002534a 4500
001 - CONTROL NUMBER
control field 13357744
005 - DATE AND TIME OF LATEST TRANSACTION
control field 20180111070156.0
008 - FIXED-LENGTH DATA ELEMENTS--GENERAL INFORMATION
fixed length control field 030930m20039999wau b b 000 0 eng
010 ## - LIBRARY OF CONGRESS CONTROL NUMBER
LC control number 2003020894
020 ## - INTERNATIONAL STANDARD BOOK NUMBER
International Standard Book Number 1885942311 (plastic ring binding : alk. paper)
020 ## - INTERNATIONAL STANDARD BOOK NUMBER
International Standard Book Number 1885942303 (v. 2. : cloth : alk. paper)
040 ## - CATALOGING SOURCE
Original cataloging agency DLC
Transcribing agency DLC
Modifying agency DLC
041 ## - LANGUAGE CODE
Language code of text/sound track or separate title eng
042 ## - AUTHENTICATION CODE
Authentication code lcac
080 ## - UNIVERSAL DECIMAL CLASSIFICATION NUMBER
Universal Decimal Classification number 422.471 LUN
082 00 - DEWEY DECIMAL CLASSIFICATION NUMBER
Classification number 422.471 LUN
Edition number 22
100 1# - Rafti
Rafti 46
101 ## - Shkurtesa
Shkurtesa EDU
245 10 - TITLE STATEMENT
Title English from the roots up :
Statement of responsibility, etc by Joegil K. Lundquist and Jeanne L. Lundquist.
504 ## - BIBLIOGRAPHY, ETC. NOTE
Bibliography, etc Includes bibliographical references.
906 ## - LOCAL DATA ELEMENT F, LDF (RLIN)
a 7
b cbc
c orignew
d 1
e ecip
f 20
g y-gencatlg
942 ## - ADDED ENTRY ELEMENTS (KOHA)
Source of classification or shelving scheme
Item type Books
Holdings
Withdrawn status Lost status Source of classification or shelving scheme Damaged status Not for loan Collection code Permanent location Current location Shelving location Date acquired Total Checkouts Full call number Barcode Date last seen Price effective from Koha item type
          Koleksioni i përgjithshem UBT - Lipjan UBT - Lipjan Koleksioni i përgjithshem 01/11/2018   422.471 LUN 002-2994872 01/11/2018 01/11/2018 Books
UBT Library © 2015-2024. All rights reserved University Education for Business and Technology